La France de 1914 à 1945 (notice n° 2163790)
[ vue normale ]
| 000 -LEADER | |
|---|---|
| fixed length control field | 01519cam a2200133 4500500 |
| 005 - DATE AND TIME OF LATEST TRANSACTION | |
| control field | 20260405040635.0 |
| 041 ## - LANGUAGE CODE | |
| Language code of text/sound track or separate title | fre |
| 042 ## - AUTHENTICATION CODE | |
| Authentication code | dc |
| 100 10 - MAIN ENTRY--PERSONAL NAME | |
| Personal name | Montero, Muriel |
| Relator term | author |
| 245 00 - TITLE STATEMENT | |
| Title | La France de 1914 à 1945 |
| 260 ## - PUBLICATION, DISTRIBUTION, ETC. | |
| Name of publisher, distributor, etc. | Armand Colin,<br/> |
| Date of publication, distribution, etc. | 2001.<br/> |
| 520 ## - SUMMARY, ETC. | |
| Summary, etc. | De la Grande Guerre à la Libération, les années 1914-1945 sont encadrées par deux épreuves tragiques pour les Français. La IIIe République est consolidée par la victoire de 1918 ; aux Années folles succède la longue crise des années 1930 ; puis le régime est emporté dans la défaite de 1940. L'entre-deux-guerres est une période de restructurations : de la politique à l'économie et à la société, mais aussi à la culture, les changements sont profonds. Une France moderne émerge, bien que les structures traditionnelles résistent. Dans ce processus de transformation, les deux guerres ont joué chacune à leur manière un rôle déterminant. Ce livre analyse donc l'évolution de la France sous les aspects tant politiques qu'économiques, sociaux, culturels ou diplomatiques… Il fournit aussi de nombreux outils pédagogiques : documents et sujets de dissertation commentés, conseils méthodologiques, chronologie, notices biographiques, glossaire, bibliographie. Muriel Montero, ancienne élève de l'ENS (Ulm), agrégée d'histoire, enseigne l'histoire contemporaine à l'université Paris-IV. |
| 856 41 - ELECTRONIC LOCATION AND ACCESS | |
| Uniform Resource Identifier | <a href="https://shs.cairn.info/la-france-de-1914-a-1945--9782200252694?lang=fr&redirect-ssocas=7080">https://shs.cairn.info/la-france-de-1914-a-1945--9782200252694?lang=fr&redirect-ssocas=7080</a> |
Pas d'exemplaire disponible.




Réseaux sociaux